000 00889nam a2200229 i 4500
001 37098
003 ES-MaACL
005 20251221204217.0
007 t|
008 030220s1936 sp ||||1| spa d
100 1 _aBrunner, Heinrich.
_932193
245 1 0 _aHistoria del derecho germánico /
_cHeinrich Brunner ; según la 8ª ed. alemana de Claudios von Schwerin ; traducida y anotada por José Luis Álvarez López.
260 _aBarcelona :
_bLabor,
_c1936 (
_fImp. Galve)
300 _aXV, 332 p. ;
_c24 cm.
490 1 _aEnciclopedia de ciencias jurídicas y sociales.
_aCiencias jurídicas
650 7 _aDerecho germánico
_2embne
_9146100
700 0 _aSchwerin, Claudius von
_9104909
700 1 _aÁlvarez López, José Luis.
_920860
830 1 0 _aEnciclopedia de ciencias jurídicas y sociales
_9183357
852 _aES-MaACL
_jA-4169
999 _c37098
_d37098